India's indigenous medical systems : (Record no. 100291)

MARC details
000 -LEADER
fixed length control field 00694nam a22002057a 4500
005 - DATE AND TIME OF LATEST TRANSACTION
control field 20160614122155.0
010 ## - LCCN (DPL NO)
LC control number ENG-115255
020 ## - INTERNATIONAL STANDARD BOOK NUMBER
International Standard Book Number 9789380607627
Terms of availability 1395.00
035 ## - SYSTEM CONTROL NUMBER
System control number EN-98787
037 ## - SOURCE OF ACQUISITION
Source of stock number/acquisition DBAD/PUB
082 ## - DEWEY DECIMAL CLASSIFICATION NUMBER
Classification number 615.880954
245 ## - TITLE STATEMENT
Title India's indigenous medical systems :
Remainder of title a cross-disciplinary approach /
Statement of responsibility, etc edited by Syed Ejaz Hussain [and] Mohit Saha
260 ## - PUBLICATION, DISTRIBUTION, ETC. (IMPRINT)
Place of publication, distribution, etc Delhi
Name of publisher, distributor, etc Primus Books
Date of publication, distribution, etc 2015
270 ## - ADDRESS
Address Virat Bhawan, Mukherjee Nagar
City Delhi
Postal code 110009
300 ## - PHYSICAL DESCRIPTION
Extent xiv,344p. :
Other physical details ill.
Dimensions 24cm(Hb)
500 ## - GENERAL NOTE
General note Includes bibliographical references and index
700 ## - ADDED ENTRY--PERSONAL NAME
Personal name Hussain,Syed Ejaz
700 ## - ADDED ENTRY--PERSONAL NAME
Personal name Saha,Mohit
942 ## - ADDED ENTRY ELEMENTS (KOHA)
Source of classification or shelving scheme Dewey Decimal Classification
Item type English Books
Call number suffix IND
Classification part 615.880954
Holdings
Withdrawn status Lost status Not for loan Collection code Home library Current library Date acquired Source of acquisition Cost, normal purchase price Full call number Barcode Copy number Cost, replacement price Koha item type
      Non-fiction D.B.Act.Division Bawana 13/06/2016 DBAD/PUB 1395.00 615.880954 IND ING-98787 1 1395.00 English Books

© Delhi Public Library
Hit Counter
free hit counter